All Exits on Highway 401 - Statistics

General Stats
  • This quiz has been taken 8 times
  • The average score is 74 of 170
Answer Stats
City Answer % Correct
North York Allen Rd
100%
North York Bayview Ave
100%
Oshawa Bloor St
100%
Clarington Bowmanville Ave
100%
Pickering Brock Rd
100%
Whitby Brock St
100%
North York Don Valley Pkwy
100%
Oshawa Harmony Rd
100%
Windsor Highway 3
100%
North York Highway 400
100%
London Highway 402
100%
Mississauga | Woodstock Highway 403
100%
North York Highway 404
100%
Halton Hills Highway 407
100%
Etobicoke Highway 409
100%
Mississauga Highway 410
100%
Whitby Highway 412
100%
Clarington Highway 418
100%
Etobicoke Highway 427
100%
Scarborough Kennedy Rd
100%
Whitby Lake Ridge Rd
100%
North York Leslie St
100%
Pickering Liverpool Rd
100%
Scarborough Markham Rd
100%
Clarington | Lakeshore | Woodstock Mill St
100%
Port Hope Ontario St
100%
Scarborough Port Union Rd
100%
Oshawa Ritson Rd
100%
Ajax Salem Rd
100%
Oshawa Simcoe St
100%
Oshawa Stevenson Rd
100%
Whitby Thickson Rd
100%
Front of Yonge | Leeds and the Thousand Islands Thousand Islands Pkwy
100%
Port Hope Toronto Rd
100%
Scarborough Victoria Park Ave
100%
Scarborough Warden Ave
100%
Ajax Westney Rd
100%
Pickering Whites Rd
100%
North York Yonge St
100%
South Glengarry A-20
50%
North York Avenue Rd
50%
North York Bathurst St
50%
Clarington Bennett Rd
50%
Cornwall Boundary Rd
50%
Scarborough Brimley Rd
50%
Cobourg Burnham St
50%
Etobicoke Carlingview Dr
50%
Elizabethtown-Kitley | Leeds and the Thousand Islands | South Glengarry Country Rd
50%
Clarington Courtice Rd
50%
Kingston Division St
50%
Mississauga Dixie Rd
50%
Etobicoke Dixon Rd
50%
North York Dufferin St
50%
Woodstock Dundas St
50%
Etobicoke Eglinton Ave
50%
Kingston Gardiners Rd
50%
Quinte West Glen Miller Rd
50%
Milton Guelph Line
50%
Leeds and the Thousand Islands Highway 137
50%
Kingston Highway 15
50%
Edwardsburgh/Cardinal Highway 16
50%
Clarington Highway 35
50%
Edwardsburgh/Cardinal Highway 416
50%
Puslinch Highway 6
50%
Kitchener Highway 8
50%
Clarington Holt Rd
50%
Mississauga Hurontario St
50%
Etobicoke Islington Ave
50%
Halton Hills James Snow Pkwy
50%
North York Keele St
50%
Kitchener King St
50%
Scarborough Kingston Rd
50%
Clarington Liberty St
50%
Alnwick/Haldimand Lyle St
50%
Lakeshore Manning Rd
50%
Etobicoke Martin Grove Rd
50%
Mississauga Mavis Rd
50%
Scarborough McCowan Rd
50%
Scarborough Meadowvale Rd
50%
Mississauga Mississauga Rd
50%
Kingston Montreal St
50%
Scarborough Morningside Ave
50%
Scarborough Neilson Rd
50%
Clarington Newtonville Rd
50%
Cramahe Percy St
50%
Etobicoke Renforth Dr
50%
Tyendinaga Shannonville Rd
50%
Halton Hills Trafalgar Rd
50%
London Veterans Memorial Pkwy
50%
Quinte West Wallbridge-Loyalist Rd
50%
Port Hope Wesleyville Rd
50%
North York Weston Rd
50%
Halton Hills Winston Churchill Blvd
50%
London Wonderland Rd
50%
Quinte West Wooler Rd
50%
Cobourg Baltimore Rd
0%
Lakeshore Belle River Rd
0%
Chatham-Kent Bloomfield Rd
0%
Cornwall Brookdale Ave
0%
Belleville Cannifton Rd
0%
South Dundas Carman Rd
0%
North Dumfries Cedar Creek Rd
0%
Greater Napanee Centre St
0%
London Colonel Talbot Rd
0%
Chatham-Kent Communication Rd
0%
South Dundas Country Rd 31
0%
Brighton County Road 30
0%
South-West Oxford Culloden Rd
0%
Dutton/Dunwich Currie Rd
0%
South Glengarry Curry Hill Rd
0%
Tyendinaga Deseronto Rd
0%
South Stormont Dickinson Dr
0%
Thames Centre Dorchester Rd
0%
Blandford-Blenheim Drumbo Rd
0%
Prescott Edward St
0%
Thames Centre Elgin Rd
0%
South-West Oxford Foldens Line
0%
Cambridge Franklin Blvd
0%
Lakeshore French Line Rd
0%
Belleville Front St
0%
West Elgin Furnival Rd
0%
West Elgin Graham Rd
0%
Cambridge Hespeler Rd
0%
London Highbury Ave
0%
Quinte West Highway 33
0%
Kitchener Homer Watson Blvd
0%
Dutton/Dunwich Iona Rd
0%
Kingston Joyceville Rd
0%
Chatham-Kent Kent Bridge Rd
0%
Loyalist Lennox and Addington Rd
0%
Lakeshore Main St
0%
Augusta Maitland Rd
0%
Front of Yonge Mallorytown Rd
0%
Milton Martin St
0%
Tyendinaga Marysville Rd
0%
Cornwall McConnell Ave
0%
South Stormont Moulinette Rd
0%
Brockville North Augusta Rd
0%
Woodstock Norwich Ave
0%
Chatham-Kent Orford Rd
0%
Greater Napanee Palace Rd
0%
South-West Oxford Plank Line
0%
South Stormont Power Dam Dr
0%
Windsor Provincial Rd
0%
Lakeshore Puce Rd
0%
Thames Centre Putnam Rd
0%
Chatham-Kent Queen's Line
0%
Leeds and the Thousand Islands Reynolds Rd
0%
Edwardsburgh/Cardinal Shanly Rd
0%
Kingston Sir John A. Macdonald Blvd
0%
Brockville Stewart Blvd
0%
Gananoque Stone St
0%
South Glengarry Summerstown Rd
0%
Kingston Sydenham Rd
0%
Woodstock Towerline Rd
0%
Cambridge Townline Rd
0%
Southwold Union Rd
0%
South Dundas Upper Canada Rd
0%
Chatham-Kent Victoria Rd
0%
London Wellington Rd
0%
Thames Centre Westchester Bourne
0%
Loyalist Wilton Rd
0%
No matching quizzes found
Score Distribution
Percent of People with Each Score
Percentile by Number Answered
Your Score History
You have not taken this quiz